kku e-library facility

Microbiology: International Edition (Record no. 154)

MARC details
000 -LEADER
fixed length control field 00383nam a2200133 4500
005 - DATE AND TIME OF LATEST TRANSACTION
control field 20260212112145.0
008 - FIXED-LENGTH DATA ELEMENTS--GENERAL INFORMATION
fixed length control field 260212b |||||||| |||| 00| 0 eng d
020 ## - INTERNATIONAL STANDARD BOOK NUMBER
International Standard Book Number 9789785897968
100 ## - MAIN ENTRY--PERSONAL NAME
Personal name Adegboro Boaz
245 ## - TITLE STATEMENT
Title Microbiology: International Edition
Statement of responsibility, etc. /Boaz Adegboro
260 ## - PUBLICATION, DISTRIBUTION, ETC.
Place of publication, distribution, etc. Nigeria;
Name of publisher, distributor, etc. Malthouse Press Limited;
Date of publication, distribution, etc. 2021
300 ## - PHYSICAL DESCRIPTION
Extent xiv, 655p, ill;
Dimensions 29cm
942 ## - ADDED ENTRY ELEMENTS (KOHA)
Source of classification or shelving scheme Library of Congress Classification
Suppress in OPAC No
Koha item type Books

No items available.

©2025 All rights reserved. KKU